Nové prístupy k využívaniu odpadových produktov energetických spaľovacích procesov
Unikátnosť v článku predstavenej technológie je v tom, že jeden odpadový produkt energetických spaľovacích procesov - stabilizát je použitý pri zneškodňovaní iného odpadu -odkaliska troskopopolovej zmesi. Zároveň je možnosť ďalšieho využitia odkaliska na pestovanie vŕby ako zdroja biomasy vhodnej ak...
Uložené v:
| Hlavný autor: | |
|---|---|
| Ďalší autori: | , , , |
| Médium: | Kapitola |
| Jazyk: | Slovak |
| Predmet: | |
| Tagy: |
Žiadne tagy, Buďte prvý, kto otaguje tento záznam!
|
MARC
| LEADER | 00000naa a2200000 4500 | ||
|---|---|---|---|
| 001 | 0178536 | ||
| 005 | 20240502073032.4 | ||
| 041 | 0 | |a slo | |
| 044 | |a SK | ||
| 245 | 1 | 0 | |a Nové prístupy k využívaniu odpadových produktov energetických spaľovacích procesov |c Milan Majerník, Ivo Knápek, Stanislav Haviar, Martin Bosák, Petra Szaryszová |
| 520 | |a Unikátnosť v článku predstavenej technológie je v tom, že jeden odpadový produkt energetických spaľovacích procesov - stabilizát je použitý pri zneškodňovaní iného odpadu -odkaliska troskopopolovej zmesi. Zároveň je možnosť ďalšieho využitia odkaliska na pestovanie vŕby ako zdroja biomasy vhodnej ako čiastočnej náhrady vyčerpateľného energetického zdroja pri spoluspaľovaní s uhlím za použitia tej istej technológie, čím je možné prispieť aj k stabilizácii krajiny formou synergického efektu. | ||
| 610 | 2 | 0 | |a elektrárne |
| 610 | 2 | 0 | |a odpad |
| 610 | 2 | 0 | |a odpad výrobný |
| 610 | 2 | 0 | |a využitie odpadu |
| 100 | 1 | |a Majerník, Milan, 1952- | |
| 700 | 1 | |a Knápek, Ivo | |
| 700 | 1 | |a Haviar, Stanislav | |
| 700 | 1 | |a Bosák, Martin, 1967- | |
| 700 | 1 | |a Szaryszová, Petra, 1984- | |